|
|
|
|
| LEADER |
00000nam0a2200000 4500 |
| 001 |
216534 |
| 005 |
20231031194310.0 |
| 035 |
|
|
|a (RuTPU)RU\TPU\book\236506
|
| 090 |
|
|
|a 216534
|
| 100 |
|
|
|a 20120526d1950 m y0rusy50 ca
|
| 101 |
1 |
|
|a rus
|c eng
|
| 102 |
|
|
|a RU
|
| 105 |
|
|
|a y z 000zy
|
| 200 |
1 |
|
|a Японские концерны
|e пер. с англ.
|f Э. Эдвардс
|
| 210 |
|
|
|a Москва
|c Изд-во иностранной литературы
|d 1950
|
| 215 |
|
|
|a 272 с.
|
| 610 |
1 |
|
|a концерны
|
| 610 |
1 |
|
|a финансовые институты
|
| 610 |
1 |
|
|a ассоциации
|
| 610 |
1 |
|
|a компании
|
| 675 |
|
|
|a 338.8
|v 3
|
| 700 |
|
1 |
|a Эдвардс
|b Э.
|g Эдвардс
|
| 801 |
|
1 |
|a RU
|b 63413507
|c 20120526
|
| 801 |
|
2 |
|a RU
|b 63413507
|c 20120821
|g RCR
|
| 942 |
|
|
|c BK
|